| 000 | 00836nam a2200301 a 4500 | ||
|---|---|---|---|
| 003 | AR-BaBNM | ||
| 005 | 20251128210129.0 | ||
| 008 | 082120s2002 ||||||||||||||000 | spa|| | ||
| 020 | _a968-24-0876-8 | ||
| 040 | _cAR-BaBNM | ||
| 100 | 1 | _aChomsky, Noam | |
| 245 | 0 | 0 | _aLenguaje, sociedad y cognición |
| 250 | _a1ª ed. | ||
| 260 |
_aMéxico, D.F. _bTrillas _c1991 |
||
| 300 | _a221 p. | ||
| 500 | _aContiene referencias bibliográficas en p. 209 | ||
| 500 | _aIndice onomástico en p. 217 | ||
| 500 | _aIndice alfabético en p. 219 | ||
| 650 | 4 | _aLINGÜISTICA | |
| 650 | 4 | _aINVESTIGACION LINGUISTICA | |
| 650 | 4 | _aLENGUAJE | |
| 650 | 4 | _aTEORIA LINGÜISTICA | |
| 650 | 4 | _aTEORIA DEL CONOCIMIENTO | |
| 653 | _aFILOSOFIA DEL LENGUAJE | ||
| 700 | 1 |
_aPeña, Enesto de la _etraductor |
|
| 942 | _cBK | ||
| 998 | _cMARTIN | ||
| 999 |
_c14176 _d14176 |
||